Memorias de una viuda / (Registro nro. 10852)

Detalles MARC
000 -LIDER
fixed length control field 00816nam a22002657a 4500
001 - NÚMERO DE CONTROL
Identificador de número de control 000384
003 - IDENTIFICACDOR DE NÚMERO DE CONTROL
control field DO-SdBNP
005 - DATE AND TIME OF LATEST TRANSACTION
control field 20171117125831.0
007 - CAMPOS FIJOS DE DESCRIPCIÓN FÍSICA
fixed length control field 000384
008 - ELEMENTOS DE LONGITUD FIJA
fixed length control field 160713b2011011 sp g||||| ||||f0spa0 spa d
020 ## - ISBN
International Standard Book Number 9788420407289
040 ## - FUENTE DE CATALOGACIÓN
Agencia que crea de manera original el registro BPMSU
Idioma de catalogación spa
Agencia que realiza la transcripción BPMSU
082 #4 - NÚMERO DE CLASIFICACIÓN DECIMAL DE DEWEY
Classification number 813.54
Item number O11m
100 1# - ASIENTO PRINCIPAL -- NOMBRE PERSONAL
Nombre personal Oates, Joyce Carol,
Fechas asociadas con el nombre 1938-
240 10 - TITULO UNIFORME
Título uniforme A widow's story.
Idioma de una obra Español
245 10 - MENCIÓN DE TITULO
Título Memorias de una viuda /
Mención de responsabilidad Joyce Carol Oates ; traducción de María Luisa Rodríguez Tapia.
260 ## - PUBLICACIÓN, DISTRIBUCIÓN, ETC. (PIE DE IMPRENTA)
Lugar de publicación, distribución, etc Madrid :
Nombre del editor, distribuidor, etc. Alfaguara,
Fecha de publicación, distribución, etc 2011.
300 ## - DESCRIPCIÓN FÍSICA
Extensión 469 p. ;
Dimensiones 24 cm.
650 ## - ENCABEZAMIENTO DE MATERIA--TEMÁTICO
Término temático o nombre geográfico como elemento de entrada NOVELA ESTADOUNIDENSE
650 ## - ENCABEZAMIENTO DE MATERIA--TEMÁTICO
Término temático o nombre geográfico como elemento de entrada LITERATURA ESTADOUNIDENSE
700 12 - ASIENTO SECUNDARIO -- NOMBRE PERSONAL
Nombre personal Rodríguez Tapia, María Luisa,
Mención de responsabilidad tr.
942 ## - ADDED ENTRY ELEMENTS (KOHA)
Source of classification or shelving scheme Dewey Decimal Classification
Koha item type Libros
945 ## - INFORMACIÓN DE PROCESAMIENTO LOCAL
Información de procesamiento local Inventariado, 2017/MFF
956 ## - LOCAL ELECTRONIC LOCATION AND ACCESS (OCLC)
Método de acceso LOPEREZ
Materiales especificados 10
Enlace 20160713
Campo enlazado y núm. de secuencia BPMSU
Nombre de host 00041
Existencias
Withdrawn status Lost status Source of classification or shelving scheme Damaged status Not for loan Collection code Home library Current library Date acquired Source of acquisition Total Checkouts Full call number Barcode Date last seen Price effective from Koha item type Copy number
    Dewey Decimal Classification     Colección General Biblioteca Pública Metropolitana Salomé Ureña Biblioteca Pública Metropolitana Salomé Ureña 07/13/2016 Donativo-Alfaguara   813.54 O11m BPMSU16070433 07/13/2016 07/13/2016 Libros  
    Dewey Decimal Classification     Colección General Biblioteca Pública Metropolitana Salomé Ureña Biblioteca Pública Metropolitana Salomé Ureña 07/13/2016 Donativo-Alfaguara   813.54 O11m BPMSU16070434 07/13/2016 07/13/2016 Libros e. 2
    Dewey Decimal Classification     Colección General Biblioteca Pública Metropolitana Salomé Ureña Biblioteca Pública Metropolitana Salomé Ureña 01/31/2017 Donativo-Alfaguara   813.54 O11m BPMSU17010800 01/31/2017 01/31/2017 Libros e. 3